Statistics for Getafe CF Squad 2019-2020

Click here to take the quiz!

General Stats

  • This quiz has been taken 5 times
  • The average score is 18 of 31

Answer Stats

#PositionNationPlayer% Correct
12DFCameroonAllan Nyom
100%
14FWBrazilDeyverson
100%
2DFTogoDjené
100%
9FWSpainÁngel Rodríguez
80%
13GKSpainDavid Soria
80%
7FWSpainJaime Mata
80%
19FWSpainJorge Molina
80%
-CoachSpainJosé Bordalás
80%
17DFUruguayMathí­as Olivera
80%
20MFSerbiaNemanja Maksimović
80%
4DFSpainBruno González
60%
22DFUruguayDamián Suárez
60%
24MFSpainDavid Timor
60%
4DFUruguayErick Cabaco
60%
21MFMoroccoFayçal Fajr
60%
8FWSpainFrancisco Portillo
60%
1GKArgentinaLeandro Chichizola
60%
15MFSpainMarc Cucurella
60%
18MFUruguayMauro Arambarri
60%
3DFPortugalVitorino Antunes
60%
16DFSpainXabi Etxeita
60%
11FWSenegalAmath Ndiaye
40%
10FWSpainEnric Gallego
40%
25FWBrazilKenedy
40%
6DFUruguayLeandro Cabrera
40%
5MFNigeriaOghenekaro Etebo
40%
6DFSpainChema
20%
31GKSerbiaFilip Manojlović
20%
23FWSpainJason
20%
5MFSpainMarkel Bergara
20%
14DFSpainRaúl Carnero
20%

Score Distribution

Percentile by Number Answered

Percent of People with Each Score

Your Score History

You have not taken this quiz